000 00555nam a2200181 a 4500
001 34933
005 20180714003147.0
008 140415s1945 000 0 spa d
041 _aspa
082 _a972.0622
_bPAL
100 1 _aPALOMAR Y VIZCARRA, MIGUEL
245 1 3 _aEL CASO EJEMPLAR MEXICANO
250 _a2a ed.
260 _a[s.l.] :
_bJUS,
_c1945
300 _a228
490 _aMEXICO HEROICO, 66
650 1 4 _aGUERRA CRISTERA
_xMEXICO
_xHISTORIA
_xREGIMEN CALLISTA, 1924
_x1928
_xPOLITICA Y RELIGION
_xMEXICO
_xHISTORIA
_xSIGLO XX
999 _c34933
_d34933